000 00664nam a22002417a 4500
003 UA-OsUOA
001 23623
007 ta
008 20040126b un ||||| |||| 00| 0 ukr d
100 _aПаниотто В.И.
090 _a303.6
_bП16
942 _cBK
040 _aUA-OsUOA
_bukr
_cUA-OsUOA
_dUA-OsUOA
245 _aКачество социологической информации
_b(Методы оценки и процедуры обеспечения)
300 _a206 с.
955 _a0
041 _aukr
080 _a303.6
260 _aКиев
_bНаукова думка
_c1986
044 _aUA
650 7 _2UDC
999 _c309875
_d309875